000
00330pab a2200145 454500
008
180718b1988 xxu||||| |||| 00| 0 eng d
100
_a
Shah, Anil C.
245
_a
Apology for excellence
260
_c
1988
300
_a
28-30
362
_a
Jan.
650
_a
Social Service Agencies
773
_a
Kurukshetra
909
_a
18311
999
_c
18311
_d
18311